| 000 | 00513nam a2200217Ia 4500 | ||
|---|---|---|---|
| 999 |
_c7894 _d7894 |
||
| 003 | 0100 | ||
| 005 | 20171009102346.0 | ||
| 008 | 130303s9999 xx 000 0 und d | ||
| 020 | _a1569248168 | ||
| 040 | _cARRUPELIB | ||
| 050 | _aGR350.C671996 | ||
| 100 |
_aCourlander, Harold _936814 |
||
| 245 | 2 | _aA tresury of African folklore | |
| 245 | _bthe oral literature | ||
| 250 | _a1st. | ||
| 260 |
_bPublishers Group West _aNew York _c1996 |
||
| 300 | _axix | ||
| 300 | _b 617p. 23cm | ||
| 700 |
_aHarold Courlander _936815 |
||
| 942 |
_2lcc _cMONOGRAPH |
||